Buster Keaton : a hard act to follow
Η ζωή και η καριέρα του Buster Keaton από την εποχή του βαριετέ, των ταινιών βωβού κινηματογράφου έως την έλευση του ήχου στις ταινίες. Συνεντεύξεις με την τρίτη γυναίκα του Keaton, τους φίλους του και συνεργάτες....
Saved in:
| Other Authors: | , , |
|---|---|
| Format: | |
| Language: | English |
| Published: |
London :
Connoisseur Video,
c1993
|
| Subjects: | |
| Tags: |
Add Tag
No Tags, Be the first to tag this record!
|
MARC
| LEADER | 00000 gm a2200000 i 4500 | ||
|---|---|---|---|
| 001 | 1/13421 | ||
| 008 | 110602s1993 eng d | ||
| 035 | |l 10110192 | ||
| 040 | |a GR-MY-UA |b gre |e aacr | ||
| 041 | 0 | |a eng | |
| 082 | 0 | |a 927.914 |2 (22) | |
| 245 | 1 | 0 | |a Buster Keaton : |h [μαγνητοσκόπηση] |b a hard act to follow |
| 260 | |a London : |b Connoisseur Video, |c c1993 | ||
| 300 | |a 1 βιντεοκασέτα (156 λεπτ.); |b ομίλ., έγχρ. & ασπρόμ.; |c 1/2 ίν. | ||
| 500 | |a Στα αγγλικά | ||
| 500 | |a VHS | ||
| 508 | |a Σενάριο-παραγωγή: Kevin Brownlow & David Gill, μουσική: Carl Davis, μοντάζ: David Cumming | ||
| 511 | |a Αφήγηση: Lindsay Anderson | ||
| 520 | |a Η ζωή και η καριέρα του Buster Keaton από την εποχή του βαριετέ, των ταινιών βωβού κινηματογράφου έως την έλευση του ήχου στις ταινίες. Συνεντεύξεις με την τρίτη γυναίκα του Keaton, τους φίλους του και συνεργάτες. | ||
| 600 | 1 | 0 | |a Keaton Buster |d 1895-1966. |
| 650 | 0 | 0 | |a Motion picture actors and actresses |z United States |x Biography. |
| 650 | 0 | 0 | |a Comedians |z United States |x Biography. |
| 700 | 1 | |a Brownlow, Kevin. |4 pro |4 sce | |
| 700 | 1 | |a Gill, David |d 1928- |4 pro |4 sce | |
| 700 | 1 | |a Anderson, Lindsay |d 1923-1994. |4 nrt | |
| 852 | |a INST |b SYROS |c AV |e 20110602 |h 927.914 KEA |p 005500009141 |q 005500009141 |t VC |y 23 | ||
| 901 | |a BIBL5-2008-1 | ||
| 909 | |a Ε |b 129808 | ||
| 920 | |a ΑΝΑΜΟΡΦΩΣΗ |b ΕΠΕΑΕΚ ΙΙ-ΤΜΣΠΣ |y ΣΥΡΟΣ |z 2006-06 | ||
| 970 | |a ΚΟΝΤΟΥ |b ΠΑΡΑΣΚΕΥΗ |z 2011/06/02 | ||